| 000 | nam a22 4500 | ||
|---|---|---|---|
| 999 |
_c8934 _d8934 |
||
| 008 | 180320b ||||| |||| 00| 0 eng d | ||
| 100 |
_926951 _aSantos, Tina G. |
||
| 245 |
_aNo condoms in schools-DepEd/ _cTina G. Santos. |
||
| 260 |
_aPhilippines: _bPhilippine Daily Inquirer, _cc2017. |
||
| 300 | _apage A5. | ||
| 650 | 0 |
_926952 _aBirth control. |
|
| 942 |
_2ddc _cPER |
||